000 00534nam a2200181 a 4500
005 20140412111250.0
008 010320s19uu xx 00 eng d
020 _a971-08-3544-0
050 _aTR(PS E
_bWh62 1983
100 _aGranowsky, Dr. Alvin
245 _aWho is sad? /
_cby Dr. Alvin Granoswky ; illustrated by Kevin Kramer.
260 _aCleveland :
_bModern Curriculum Press,
_c1983.
300 _a8 p. ; ill.
440 _aPolo and Cuddles
650 _aDogs - Stories
650 _aLoving - Fiction
999 _c103097
_d103097